| Tag |
First Indicator |
Second Indicator |
Subfields |
| LEADER |
00000cam a22000001a 4500 |
| 001 |
in00003361621 |
| 006 |
m d f |
| 007 |
cr bn mmmapmmp |
| 008 |
100614s1983 dcu o f000 0 eng d |
| 005 |
20260429183602.9 |
| 035 |
|
|
|a cis2007878663
|
| 040 |
|
|
|a ProQuest
|c ProQuest
|d UtOrBLW
|
| 043 |
|
|
|a n-us---
|
| 086 |
0 |
|
|a Y 4.En 2/3:98-I
|
| 099 |
|
|
|a CRS-1983-AML-0020
|
| 110 |
2 |
|
|a Library of Congress.
|b Congressional Research Service.
|
| 245 |
1 |
0 |
|a Attorney-Client Privilege.
|
| 264 |
|
1 |
|a [Place of publication not identified] :
|b [publisher not identified],
|c 1983.
|
| 300 |
|
|
|a 1 online resource.
|
| 336 |
|
|
|a text
|b txt
|2 rdacontent
|
| 337 |
|
|
|a computer
|b c
|2 rdamedia
|
| 338 |
|
|
|a online resource
|b cr
|2 rdacarrier
|
| 500 |
|
|
|a Record is based on bibliographic data in ProQuest U.S. Congressional Research Digital Collection (last viewed June 2010). Reuse except for individual research requires license from ProQuest, LLC.
|
| 500 |
|
|
|a CRS Report.
|
| 520 |
|
|
|a Legal opinions, prepared by Morton Rosenberg (CRS) for the Subcom on Oversight and Investigations, examining two cases of use of the attorney-client privilege to attempt to withhold information from 1982 subcom investigations into SEC activities.
|
| 520 |
|
|
|a Reviews constitutional basis, court interpretation, and historical precedents relating to the following opinions:
|
| 520 |
|
|
|a Also includes:
|
| 500 |
|
|
|a Electronic resource.
|
| 610 |
2 |
0 |
|a Library of Congress.
|b Congressional Research Service.
|
| 650 |
|
0 |
|a Banks and banking.
|
| 650 |
|
0 |
|a Constitutional law.
|
| 655 |
|
7 |
|a Electronic books.
|2 local
|
| 710 |
2 |
|
|a ProQuest (Firm)
|
| 776 |
0 |
8 |
|i Microfiche version:
|a Library of Congress. Congressional Research Service.
|t Attorney-Client Privilege.
|o 83-H362-15
|
| 830 |
|
0 |
|a U.S. Congressional Research.
|
| 856 |
4 |
0 |
|u http://proxy.library.tamu.edu/login?url=https://congressional.proquest.com/congcomp/getdoc?CRDC-ID=CRS-1983-AML-0020
|z Connect to the full text of this electronic book
|t 0
|
| 999 |
|
|
|a MARS
|
| 999 |
f |
f |
|s c4cbf783-3476-3435-9729-ed1dcbb1b78b
|i 178604d8-9758-329e-83c5-d511e1e16f9d
|t 0
|
| 952 |
f |
f |
|a Texas A&M University
|b College Station
|c Electronic Resources
|s www_evans
|d Available Online
|t 0
|e CRS-1983-AML-0020
|h Other scheme
|
| 998 |
f |
f |
|a CRS-1983-AML-0020
|t 0
|l Available Online
|